000 00268nam a2200097Ia 4500
001 643307
005 20250826153543.0
008 250824s9999 xx 000 0 und d
245 0 _aOSMANLI GÜNLÜKLERİ 1 KURULUŞ SULTANLARI
_cSEVİNÇ KUŞOĞLU
260 _bGENÇ TİMAŞ
999 _c643307
_d643307